[Event "BL 1415 SF Katernberg - Turm Emsdetten"]
[Site "?"]
[Date "2015.03.14"]
[Round "12.3"]
[White "Pruijssers, Roeland"]
[Black "Trent, Lawrence"]
[Result "1/2-1/2"]
[WhiteElo "2508"]
[BlackElo "2479"]
[PlyCount "115"]
[EventDate "2015.??.??"]

1. e4 e5 2. Nf3 Nc6 3. Bb5 Nge7 4. Nc3 d6 5. d4 a6 6. Be2 Nxd4 7. Nxd4 exd4 8.
Qxd4 Nc6 9. Qd3 Be7 10. Nd5 O-O 11. Be3 Be6 12. O-O-O Ne5 13. Qd2 Ng4 14. Bxg4
Bxg4 15. f3 Be6 16. g4 Re8 17. h4 Bxd5 18. Qxd5 c6 19. Qd2 d5 20. exd5 Qxd5 21.
Qxd5 cxd5 22. Bb6 Bd8 23. Bc5 Re5 24. Bd6 Re3 25. Rh3 Re6 26. Rxd5 Bxh4 27. Bb4
Be1 28. Bc5 Rae8 29. f4 Ba5 30. c3 Re2 31. Rhd3 Bc7 32. Bd6 Bxd6 33. Rxd6 g6
34. f5 gxf5 35. gxf5 Rf2 36. f6 Re1+ 37. Rd1 Rxd1+ 38. Kxd1 h5 39. b4 Rxa2 40.
Rd7 h4 41. Rd4 Rf2 42. Rxh4 Rxf6 43. c4 Re6 44. Rd4 Kf8 45. Rd8+ Ke7 46. Rb8
Rb6 47. b5 Rd6+ 48. Ke2 Rd7 49. bxa6 bxa6 50. Ra8 Rd6 51. Ke3 Re6+ 52. Kd4 f5
53. c5 f4 54. Ra7+ Kf6 55. Ra8 Ke7 56. Ra7+ Kf6 57. Ra8 Ke7 58. Ra7+ 1/2-1/2

[Event "BL 1415 SF Katernberg - Turm Emsdetten"]
[Site "?"]
[Date "2015.03.14"]
[Round "12.4"]
[White "Siebrecht, Sebastian"]
[Black "Van Foreest, Jorden"]
[Result "1/2-1/2"]
[WhiteElo "2452"]
[BlackElo "2493"]
[PlyCount "140"]
[EventDate "2015.??.??"]

1. d4 d5 2. c4 c6 3. Nc3 Nf6 4. cxd5 cxd5 5. Bf4 Nc6 6. e3 Bg4 7. f3 Bf5 8. g4
Bg6 9. Qb3 Qd7 10. Rc1 e6 11. Bb5 Bd6 12. Nge2 Rc8 13. Na4 Bxf4 14. Nxf4 O-O
15. O-O Qe7 16. Nc5 e5 17. Nxg6 hxg6 18. Nxb7 Qxb7 19. Bxc6 Qe7 20. dxe5 Qxe5
21. Qc3 Qe6 22. Rc2 Rc7 23. b4 d4 24. exd4 Nd5 25. Qc4 Ne3 26. Qxe6 fxe6 27.
Rc3 Nxf1 28. Kxf1 Rf4 29. d5 Rxb4 30. d6 Rc8 31. Kg2 Rd4 32. d7 Rxd7 33. Bxd7
Rxc3 34. Bxe6+ Kf8 35. h4 Ke7 36. Bg8 Kf6 37. g5+ Ke5 38. Kg3 Ra3 39. Bf7 a5
40. Bb3 Kd4 41. Bf7 Ke3 42. Bb3 Kd2 43. Kg4 a4 44. Bf7 Ke3 45. f4 Rd3 46. Bxg6
Rd4 47. h5 Rxf4+ 48. Kg3 a3 49. Bc2 Rc4 50. Bf5 Rc6 51. Kg4 Kd4 52. Kf4 Rb6 53.
Bh7 Rb2 54. Bg8 Rh2 55. Kf5 Rxh5 56. Kg6 Rh2 57. Kxg7 Ke5 58. g6 Rc2 59. Bf7
Rg2 60. Bb3 Rg3 61. Kf7 Rf3+ 62. Ke7 Rxb3 63. axb3 a2 64. g7 a1=Q 65. g8=Q Qa7+
66. Kf8 Qb8+ 67. Kg7 Qxg8+ 68. Kxg8 Kd4 69. Kf7 Kc3 70. Ke6 Kxb3 1/2-1/2

[Event "BL 1415 SF Katernberg - Turm Emsdetten"]
[Site "?"]
[Date "2015.03.14"]
[Round "12.5"]
[White "Janssen, Ruud"]
[Black "Ris, Robert"]
[Result "1-0"]
[WhiteElo "2464"]
[BlackElo "2443"]
[PlyCount "87"]
[EventDate "2015.??.??"]

1. c4 c5 2. Nf3 Nc6 3. d4 cxd4 4. Nxd4 Nf6 5. Nc3 e6 6. g3 Qb6 7. Nb3 Ne5 8. e4
Bb4 9. Qe2 d6 10. Bd2 a5 11. O-O-O a4 12. Be3 Qd8 13. Nd4 Bxc3 14. bxc3 Bd7 15.
f4 Ng6 16. Bg2 Qa5 17. Nc2 Rc8 18. Rxd6 Qxc3 19. c5 Bc6 20. f5 Ne5 21. Bd4 Qc4
22. Re1 Qxe2 23. Rxe2 Nd3+ 24. Kd2 e5 25. Bg1 Nb2 26. Na3 b5 27. Kc3 Nc4 28.
Nxc4 bxc4 29. Bf3 h5 30. Kxc4 Ke7 31. Rd5 Nd7 32. Rb2 Rb8 33. Rdd2 Rhc8 34. Be3
a3 35. Rb4 Nf6 36. Bg5 Bb7 37. Rd6 Ba8 38. Ra6 Rxb4+ 39. Kxb4 Bc6 40. Kxa3 Kd7
41. Bxf6 gxf6 42. Ra7+ Ke8 43. Bxh5 Bxe4 44. Rxf7 1-0

[Event "BL 1415 SF Katernberg - Turm Emsdetten"]
[Site "?"]
[Date "2015.03.14"]
[Round "12.6"]
[White "Hoolt, Sarah"]
[Black "Zumsande, Martin"]
[Result "0-1"]
[WhiteElo "2256"]
[BlackElo "2423"]
[PlyCount "112"]
[EventDate "2015.??.??"]

1. e4 e6 2. d4 d5 3. Nc3 Nf6 4. e5 Nfd7 5. f4 c5 6. Nf3 a6 7. Be3 Qb6 8. Na4
Qa5+ 9. c3 cxd4 10. b4 Qc7 11. Qxd4 Nc6 12. Qd2 b5 13. Nb2 f6 14. Nd4 Nxd4 15.
cxd4 Nb6 16. exf6 gxf6 17. Be2 Bd6 18. Bh5+ Kd8 19. O-O Nc4 20. Qf2 Rg8 21.
Nxc4 bxc4 22. Qh4 Qg7 23. Bf3 Qg6 24. f5 Qxf5 25. Bh5 Qc2 26. Qxf6+ Kc7 27. Bf3
Rf8 28. Qh4 Bd7 29. Bh6 Rf5 30. Rf2 Qc3 31. Rc1 Qxb4 32. Bd2 Qa4 33. Qxh7 Raf8
34. Qh4 Qa3 35. Rc2 Rb8 36. Rf1 Rb5 37. Qe1 Qd3 38. Qf2 e5 39. a4 Rb6 40. Ba5
Qxd4 41. g4 Rf4 42. Qxd4 exd4 43. Bxd5 Rxg4+ 44. Kh1 c3 45. Rf7 Rg5 46. Bxb6+
Kxb6 47. Be4 Bxa4 48. Rcf2 Bc6 49. Bxc6 Kxc6 50. R7f3 Rd5 51. Rc2 Bb4 52. Rf6+
Kb5 53. Ra2 a5 54. Kg2 d3 55. Rf1 Kc4 56. h4 d2 0-1

[Event "BL 1415 SF Katernberg - Turm Emsdetten"]
[Site "?"]
[Date "2015.03.14"]
[Round "12.7"]
[White "Fiebig, Thomas"]
[Black "Thesing, Matthias"]
[Result "1-0"]
[WhiteElo "2427"]
[BlackElo "2321"]
[PlyCount "81"]
[EventDate "2015.??.??"]

1. e4 c5 2. c3 e6 3. d4 d5 4. exd5 exd5 5. Nf3 Nf6 6. Bb5+ Bd7 7. Qe2+ Qe7 8.
Be3 a6 9. Bxd7+ Nbxd7 10. O-O cxd4 11. Nxd4 g6 12. Re1 Bg7 13. Bf4 Qxe2 14.
Rxe2+ Kd8 15. Nd2 Re8 16. Rae1 Rxe2 17. Rxe2 Rc8 18. N4f3 h6 19. Ne5 Nxe5 20.
Bxe5 Kd7 21. Nf3 Re8 22. Kf1 Re7 23. Rd2 Ke6 24. c4 Rd7 25. c5 Rd8 26. Bd4 Ke7
27. Rd3 Kf8 28. Rb3 Ne4 29. Rxb7 Bxd4 30. Nxd4 Nxc5 31. Rb6 Re8 32. Nf3 Re4 33.
Rd6 Nd3 34. b3 d4 35. Rxa6 Nc1 36. Ra4 f5 37. Rxd4 Rxd4 38. Nxd4 Nxa2 39. Ke2
Ke7 40. Kd3 Kd6 41. Kc4 1-0

[Event "BL 1415 SF Katernberg - Turm Emsdetten"]
[Site "?"]
[Date "2015.03.14"]
[Round "12.8"]
[White "Heinz, Timothee"]
[Black "Richter, Christian"]
[Result "1/2-1/2"]
[WhiteElo "2365"]
[BlackElo "2374"]
[PlyCount "62"]
[EventDate "2015.??.??"]

1. d4 Nf6 2. Bg5 e6 3. Nd2 h6 4. Bh4 c5 5. e3 Be7 6. c3 cxd4 7. exd4 b6 8. Ngf3
Bb7 9. Bd3 d6 10. Qe2 Nbd7 11. O-O Nh5 12. Bg3 O-O 13. a4 a6 14. Rfe1 Ndf6 15.
Bc2 Re8 16. Qd3 Bf8 17. Nc4 Bd5 18. a5 Bxc4 19. Qxc4 b5 20. Qd3 Qc7 21. Nd2
Nxg3 22. hxg3 d5 23. Rec1 Rec8 24. Qe2 Bd6 25. Bd3 Qe7 26. Rc2 Rc6 27. Rac1 Qc7
28. Nb3 Rc8 29. Ra1 Qe7 30. Re1 Qc7 31. Ra1 Qe7 1/2-1/2

[Event "BL 1415 SV Hockenheim - Hamburger SK"]
[Site "?"]
[Date "2015.03.14"]
[Round "12.1"]
[White "Van Kampen, Robin"]
[Black "Saric, Ivan"]
[Result "0-1"]
[WhiteElo "2623"]
[BlackElo "2647"]
[PlyCount "130"]
[EventDate "2015.??.??"]

1. e4 e5 2. Nf3 Nc6 3. Bb5 a6 4. Ba4 Nf6 5. O-O Be7 6. Re1 b5 7. Bb3 d6 8. c3
O-O 9. h3 Nb8 10. d4 Nbd7 11. Nbd2 Bb7 12. Bc2 Re8 13. Nf1 Bf8 14. Ng3 g6 15.
a4 Bg7 16. Bd3 c6 17. Be3 Qc7 18. Qd2 Rad8 19. b4 Qb8 20. axb5 axb5 21. Bh6 Bh8
22. dxe5 Nxe5 23. Nxe5 dxe5 24. Qe3 Bc8 25. Be2 Bg7 26. Bg5 Rd6 27. Qa7 Qxa7
28. Rxa7 Rd7 29. Rea1 Rxa7 30. Rxa7 Be6 31. f3 Rc8 32. Kf2 Nd7 33. Nf1 Bf8 34.
Nd2 Nb6 35. Be7 Bxe7 36. Rxe7 Nd7 37. c4 Kf8 38. Rxe6 fxe6 39. cxb5 cxb5 40.
Bxb5 Nb6 41. Nb3 Rc2+ 42. Be2 Na4 43. Kf1 Ke7 44. Nc5 Nxc5 45. bxc5 Rxc5 46. h4
Rc1+ 47. Kf2 Rc2 48. Kf1 Kd6 49. Bd3 Rb2 50. Bc4 Rb4 51. Ba6 Rb6 52. Bd3 Kc5
53. Kf2 Kd4 54. Bf1 Rb2+ 55. Kg3 Ke3 56. Bc4 Rb6 57. Bf1 Rc6 58. Bb5 Rc7 59.
Ba4 Rb7 60. Bc6 Rg7 61. Be8 Rb7 62. Bc6 Rb6 63. Be8 Ke2 64. h5 gxh5 65. Bxh5
Rb7 0-1

[Event "BL 1415 SV Hockenheim - Hamburger SK"]
[Site "?"]
[Date "2015.03.14"]
[Round "12.2"]
[White "Lenic, Luka"]
[Black "Kravtsiv, Martyn"]
[Result "0-1"]
[WhiteElo "2648"]
[BlackElo "2565"]
[PlyCount "120"]
[EventDate "2015.??.??"]

1. Nf3 Nf6 2. g3 d5 3. Bg2 e6 4. O-O Be7 5. c4 O-O 6. b3 c5 7. Bb2 Nc6 8. e3 b6
9. Nc3 dxc4 10. bxc4 Bb7 11. Qe2 Qc7 12. Ne1 a6 13. Rb1 Rfd8 14. Ba1 Na7 15. d3
Bxg2 16. Nxg2 Rab8 17. a4 Nc6 18. f4 Nb4 19. Rbd1 Rd7 20. f5 exf5 21. Rxf5 Rbd8
22. Ne1 Qc6 23. e4 Qe6 24. Rd2 Bf8 25. Nd5 Nfxd5 26. cxd5 Qe8 27. Nf3 Re7 28.
Re5 Qxa4 29. Bb2 Qe8 30. Kg2 b5 31. Rxe7 Bxe7 32. Qe3 Bf8 33. Qf4 c4 34. dxc4
bxc4 35. Qf5 f6 36. Bc3 Nd3 37. Nd4 Nc5 38. Nc6 Rd7 39. Rd4 Nb7 40. Qf3 Nd6 41.
Bb4 Rb7 42. Bxd6 Bxd6 43. Qf5 c3 44. Rc4 Rb2+ 45. Kf3 Rxh2 46. Rxc3 Rh5 47.
Qe6+ Qxe6 48. dxe6 Rc5 49. Rxc5 Bxc5 50. g4 Bd6 51. Ke3 g6 52. Kd4 Kf8 53. Kd5
Bc7 54. Nd4 Ke7 55. Nc6+ Ke8 56. e7 Kd7 57. e8=Q+ Kxe8 58. Ke6 h5 59. gxh5 gxh5
60. Kf5 Kf7 0-1

[Event "BL 1415 SV Hockenheim - Hamburger SK"]
[Site "?"]
[Date "2015.03.14"]
[Round "12.3"]
[White "Ernst, Sipke"]
[Black "Baramidze, David"]
[Result "1/2-1/2"]
[WhiteElo "2530"]
[BlackElo "2593"]
[PlyCount "94"]
[EventDate "2015.??.??"]

1. Nf3 d5 2. c4 d4 3. b4 f6 4. e3 e5 5. c5 Nc6 6. Bc4 e4 7. Nxd4 Nxd4 8. exd4
Qxd4 9. Qc2 Bf5 10. Bb2 Qxf2+ 11. Kxf2 e3+ 12. Kxe3 Bxc2 13. Nc3 Bg6 14. d4 Nh6
15. Rad1 a5 16. a3 O-O-O 17. Be6+ Kb8 18. Kf4 f5 19. d5 Bh5 20. Nb5 Bxd1 21.
Rxd1 Ng4 22. Bxf5 Nf6 23. d6 cxd6 24. cxd6 axb4 25. axb4 g5+ 26. Kxg5 Rg8+ 27.
Kh4 Bg7 28. Bd4 Nd7 29. Ba7+ Ka8 30. Rd2 Bf6+ 31. Kh3 Rg5 32. g4 Rxf5 33. gxf5
b6 34. Rc2 Kb7 35. Rc7+ Ka6 36. Na3 Ne5 37. Rxh7 Rxd6 38. b5+ Ka5 39. Bb8 Rd3+
40. Kg2 Rd2+ 41. Kg3 Kb4 42. Ra7 Kb3 43. Bc7 Rd3+ 44. Kg2 Rd2+ 45. Kg3 Rd3+ 46.
Kg2 Rd2+ 47. Kg3 Rd3+ 1/2-1/2

[Event "BL 1415 SV Hockenheim - Hamburger SK"]
[Site "?"]
[Date "2015.03.14"]
[Round "12.4"]
[White "Buhmann, Rainer"]
[Black "Svane, Rasmus"]
[Result "1-0"]
[WhiteElo "2583"]
[BlackElo "2509"]
[PlyCount "87"]
[EventDate "2015.??.??"]

1. d4 d5 2. c4 c6 3. Nf3 Nf6 4. Nc3 dxc4 5. a4 Bf5 6. e3 e6 7. Bxc4 Bb4 8. O-O
O-O 9. Nh4 Nbd7 10. Nxf5 exf5 11. Qc2 g6 12. Ba2 Rc8 13. f3 c5 14. Kh1 a6 15.
dxc5 Nxc5 16. e4 Qd3 17. Qxd3 Nxd3 18. Bg5 Bxc3 19. bxc3 Kg7 20. Rab1 Rxc3 21.
Rxb7 Ra3 22. Bc4 Ne5 23. Bb3 fxe4 24. fxe4 Ned7 25. e5 Ng8 26. e6 Rxb3 27. Rxb3
Nc5 28. e7 Re8 29. Rbf3 f5 30. g4 Ne4 31. Bc1 Nxe7 32. Re1 Nd5 33. Kg1 fxg4 34.
Rd3 Ndf6 35. Bb2 Kf7 36. Rf1 Re6 37. Bxf6 Rxf6 38. Rd7+ Ke6 39. Rxh7 Rxf1+ 40.
Kxf1 Nc5 41. a5 Ke5 42. Rg7 Kf5 43. Rc7 Nb3 44. Rc6 1-0

[Event "BL 1415 SV Hockenheim - Hamburger SK"]
[Site "?"]
[Date "2015.03.14"]
[Round "12.6"]
[White "Banusz, Tamas"]
[Black "Lampert, Jonas"]
[Result "1-0"]
[WhiteElo "2585"]
[BlackElo "2452"]
[PlyCount "107"]
[EventDate "2015.??.??"]

1. Nf3 d5 2. d4 Nf6 3. c4 c6 4. g3 g6 5. Bg2 Bg7 6. Qb3 O-O 7. O-O Qb6 8. Nc3
Rd8 9. Rd1 Bf5 10. Ne1 dxc4 11. Qxc4 Na6 12. e4 Bg4 13. Bf3 Qb4 14. Qe2 Bxf3
15. Nxf3 e6 16. Bf4 c5 17. d5 exd5 18. e5 Nh5 19. Bg5 Re8 20. h3 d4 21. Ne4 Qb6
22. g4 f5 23. Ned2 fxg4 24. hxg4 h6 25. gxh5 hxg5 26. Nxg5 Bxe5 27. Qc4+ Kg7
28. Qf7+ Kh6 29. Ndf3 Bg7 30. Qf4 Qf6 31. Qg3 gxh5 32. Kg2 Qg6 33. Rh1 Bf6 34.
Rxh5+ Qxh5 35. Rh1 Qxh1+ 36. Kxh1 Re7 37. Qh3+ Kg7 38. Qh7+ Kf8 39. Qf5 Kg7 40.
Ne6+ Rxe6 41. Qxe6 Rf8 42. Qg4+ Kh8 43. Ng5 Bxg5 44. Qh5+ Kg7 45. Qxg5+ Kf7 46.
Qd5+ Kg6 47. Qxb7 Nb4 48. a3 Rxf2 49. axb4 cxb4 50. Qe4+ Rf5 51. Qxd4 a5 52.
Kg2 Kf7 53. Qd7+ Kf6 54. Qd6+ 1-0

[Event "BL 1415 SV Hockenheim - Hamburger SK"]
[Site "?"]
[Date "2015.03.14"]
[Round "12.7"]
[White "Heinemann, Thies"]
[Black "Rau, Hannes"]
[Result "0-1"]
[WhiteElo "2465"]
[BlackElo "2455"]
[PlyCount "70"]
[EventDate "2015.??.??"]

1. e4 c5 2. Nf3 Nc6 3. Bb5 d6 4. Bxc6+ bxc6 5. O-O Bg4 6. h3 Bh5 7. e5 dxe5 8.
g4 e4 9. gxh5 exf3 10. Nc3 Nf6 11. Qxf3 Rc8 12. d3 e6 13. Bg5 h6 14. Be3 Nd5
15. Ne4 Nxe3 16. fxe3 f5 17. Nd2 Bd6 18. Nc4 O-O 19. Kf2 Bb8 20. Rg1 Qh4+ 21.
Ke2 e5 22. Rg2 e4 23. dxe4 Rce8 24. Rag1 Rf7 25. Rg6 fxe4 26. Qg4 Qf2+ 27. Kd1
Rd8+ 28. Nd6 Rxd6+ 29. Rxd6 Bxd6 30. Kc1 Qxe3+ 31. Kb1 Bf8 32. a3 Qf4 33. Qe6
Qf5 34. Qxc6 e3 35. Re1 Qf2 0-1

[Event "BL 1415 SV Hockenheim - Hamburger SK"]
[Site "?"]
[Date "2015.03.14"]
[Round "12.8"]
[White "Boguslavskyy, Oleg"]
[Black "Carlstedt, Jonathan"]
[Result "1/2-1/2"]
[WhiteElo "2447"]
[BlackElo "2475"]
[PlyCount "194"]
[EventDate "2015.??.??"]

1. e4 e5 2. Nf3 Nc6 3. Bb5 a6 4. Ba4 Nf6 5. O-O Bc5 6. c3 b5 7. Bb3 d6 8. d4
Bb6 9. a4 Bg4 10. h3 Bxf3 11. Qxf3 exd4 12. axb5 Ne5 13. Qd1 d3 14. bxa6 Nxe4
15. Bd5 Nxf2 16. Qa4+ c6 17. Bxc6+ Kf8 18. Rxf2 Qf6 19. Qf4 Nxc6 20. Qxf6 gxf6
21. b4 Ke7 22. Kf1 Bxf2 23. Kxf2 Rhb8 24. Be3 Kd7 25. Nd2 d5 26. Nb3 Ne5 27.
Ra5 Kd6 28. Bc5+ Kc7 29. a7 Rb7 30. Bd4 Nc4 31. Rxd5 d2 32. Bc5 Kc6 33. Rd3 Rd7
34. Bd4 Raxa7 35. Na5+ Nxa5 36. bxa5 Rxa5 37. Rxd2 Rf5+ 38. Kg1 Re7 39. Rb2 Kd5
40. Rb5+ Ke4 41. Rb6 Kf4 42. Bxf6 Re4 43. Kh2 Re2 44. Rb4+ Ke3 45. Bd4+ Kd3 46.
h4 h5 47. Rb1 Ra5 48. Rf1 f5 49. Rf3+ Ke4 50. Kg3 Rb5 51. Rf4+ Kd3 52. Rf3+ Ke4
53. Rf4+ Kd3 54. Rf3+ Kc4 55. Rf4 Re4 56. Rf3 Rg4+ 57. Kh3 Ra5 58. g3 Re4 59.
Kg2 Re2+ 60. Bf2 Rc2 61. Kf1 Rb5 62. Kg2 Re5 63. Kg1 Rxc3 64. Rf4+ Kd5 65. Rd4+
Ke6 66. Rd2 Rc4 67. Kg2 Rb5 68. Re2+ Re4 69. Ra2 Ke5 70. Rc2 Rg4 71. Re2+ Kf6
72. Be3 Re4 73. Kf2 Rb3 74. Bg5+ Ke6 75. Be3 Rd3 76. Re1 Kd5 77. Re2 Ke6 78.
Re1 Kf7 79. Re2 Rd7 80. Kf3 Rde7 81. Re1 Kg6 82. Re2 f4 83. gxf4 Kf5 84. Kf2
Kg4 85. Re1 Re8 86. Rg1+ Kxh4 87. Rh1+ Kg4 88. Rg1+ Kf5 89. Rg5+ Kf6 90. Bc1
Rc4 91. Bb2+ Kf7 92. Be5 h4 93. Rh5 Kg6 94. Rg5+ Kf7 95. Kf3 Re6 96. Rh5 Ra4
97. Kg4 Rxe5 1/2-1/2

[Event "BL 1415 SG Turm Trier - SSC Rostock"]
[Site "?"]
[Date "2015.03.14"]
[Round "12.1"]
[White "Tomczak, Jacek"]
[Black "Erdos, Viktor"]
[Result "1/2-1/2"]
[WhiteElo "2554"]
[BlackElo "2613"]
[PlyCount "107"]
[EventDate "2015.??.??"]

1. e4 e5 2. Nf3 Nc6 3. Bc4 Bc5 4. b4 Bxb4 5. c3 Ba5 6. d4 d6 7. Qb3 Qd7 8. dxe5
Bb6 9. Nbd2 dxe5 10. Ba3 Na5 11. Qb4 c5 12. Qb5 Nxc4 13. Qxc4 Qc7 14. Qd5 Ne7
15. Qxe5 Qxe5 16. Nxe5 Bc7 17. Nec4 b6 18. Ne3 Ba6 19. c4 O-O-O 20. Bb2 f6 21.
g3 Nc6 22. Nd5 Nb4 23. Nxb4 cxb4 24. O-O-O Rd3 25. f4 Rhd8 26. Rhe1 Bd6 27. Kc2
Be7 28. f5 h5 29. e5 Bb7 30. exf6 Bxf6 31. Bxf6 gxf6 32. Kc1 R8d4 33. Nb3 Rxc4+
34. Kb2 Rxd1 35. Rxd1 Be4 36. Nd4 Rc5 37. Re1 Re5 38. h3 Kd7 39. g4 hxg4 40.
hxg4 a5 41. g5 fxg5 42. f6 g4 43. Re3 Kd6 44. f7 Ke7 45. Ne2 Kxf7 46. Ng3 Ke6
47. Nxe4 g3 48. Rxg3 Rxe4 49. Rg6+ Kd5 50. Rxb6 a4 51. Rb8 Kc4 52. Rc8+ Kd3 53.
Rd8+ Rd4 54. Ra8 1/2-1/2

[Event "BL 1415 SG Turm Trier - SSC Rostock"]
[Site "?"]
[Date "2015.03.14"]
[Round "12.2"]
[White "Lupulescu, Constantin"]
[Black "Brynell, Stellan"]
[Result "1-0"]
[WhiteElo "2631"]
[BlackElo "2444"]
[PlyCount "105"]
[EventDate "2015.??.??"]

1. e4 e6 2. d4 d5 3. Nc3 Bb4 4. a3 Bxc3+ 5. bxc3 dxe4 6. Qg4 Nf6 7. Qxg7 Rg8 8.
Qh6 Nbd7 9. Ne2 b6 10. Ng3 Rg6 11. Qh4 Bb7 12. a4 Ng4 13. Qxd8+ Kxd8 14. a5 a6
15. c4 Ke7 16. Nh5 e5 17. h3 Ngf6 18. Ba3+ Ke8 19. Nxf6+ Rxf6 20. c3 exd4 21.
cxd4 c5 22. d5 b5 23. Rb1 b4 24. Bb2 Rg6 25. Kd2 Kf8 26. Re1 Re8 27. h4 Bc8 28.
h5 Rg5 29. Rh4 f5 30. f3 exf3 31. Rxe8+ Kxe8 32. gxf3 Kf7 33. Ke2 Nf6 34. h6
Rg8 35. Kf2 Bd7 36. Bd3 Rg6 37. Bc1 Rg8 38. Rh1 Rc8 39. Rg1 Ne8 40. Bf4 Ra8 41.
Be5 Ra7 42. Ke3 Rb7 43. Kf4 b3 44. Ke3 b2 45. Rb1 Kg6 46. Bxb2 Nd6 47. Rg1+
Kxh6 48. Bg7+ Kh5 49. Bf8 Nf7 50. f4 Rb8 51. Be2+ Kh4 52. Kf2 Rb3 53. Be7+ 1-0

[Event "BL 1415 SG Turm Trier - SSC Rostock"]
[Site "?"]
[Date "2015.03.14"]
[Round "12.3"]
[White "Szelag, Marcin"]
[Black "Howell, David W L"]
[Result "0-1"]
[WhiteElo "2441"]
[BlackElo "2686"]
[PlyCount "124"]
[EventDate "2015.??.??"]

1. e4 e5 2. Nf3 Nc6 3. Bb5 a6 4. Ba4 Nf6 5. O-O Be7 6. Re1 b5 7. Bb3 O-O 8. c3
d6 9. h3 Na5 10. Bc2 c5 11. d4 Qc7 12. Nbd2 cxd4 13. cxd4 Bd7 14. Nf1 Rac8 15.
Ne3 Nc6 16. Bb3 Na5 17. Bd5 Nc4 18. Bxc4 bxc4 19. Qc2 Rfe8 20. Bd2 exd4 21.
Nxd4 Bf8 22. Nef5 d5 23. exd5 Nxd5 24. Rxe8 Rxe8 25. Rc1 Qb7 26. Qxc4 Qxb2 27.
Rc2 Qb1+ 28. Rc1 Qb2 29. Rc2 Qb7 30. Qb3 Qxb3 31. axb3 Rb8 32. Ra2 Bc8 33. Ra5
Bb7 34. Ne3 Nf4 35. Rf5 Ng6 36. Nc4 Bxg2 37. Kxg2 Nh4+ 38. Kh2 Nxf5 39. Nxf5
Rxb3 40. Nd4 Rd3 41. Nc6 f6 42. Kg2 Bc5 43. h4 h5 44. f3 Rb3 45. Kg3 Rb1 46.
Kf4 Rh1 47. Kg3 Rg1+ 48. Kh2 Rb1 49. Kg3 Kf7 50. Kf4 Ke6 51. Ke4 Rh1 52. Nb8
Rxh4+ 53. f4 f5+ 54. Kd3 Rh3+ 55. Kc2 Kd5 56. Ne5 Bd6 57. Nxa6 g5 58. Nf7 g4
59. Kd1 h4 60. Ke2 Rh2+ 61. Ke3 Rxd2 62. Kxd2 h3 0-1

[Event "BL 1415 SG Turm Trier - SSC Rostock"]
[Site "?"]
[Date "2015.03.14"]
[Round "12.4"]
[White "Graf, Felix"]
[Black "Rudolf, Henrik"]
[Result "1-0"]
[WhiteElo "2478"]
[BlackElo "2339"]
[PlyCount "87"]
[EventDate "2015.??.??"]

1. d4 Nf6 2. c4 g6 3. f3 Bg7 4. e4 d6 5. Ne2 O-O 6. Be3 c5 7. Nbc3 Nc6 8. d5
Ne5 9. Ng3 e6 10. Be2 exd5 11. cxd5 h5 12. O-O Nh7 13. Qd2 a6 14. a4 b6 15. f4
Ng4 16. Bxg4 Bxg4 17. f5 Be5 18. Nh1 h4 19. Nf2 Bh5 20. Nd3 f6 21. Nxe5 fxe5
22. h3 Ra7 23. Rf2 Qe8 24. Bh6 Rff7 25. Bg5 b5 26. Bxh4 b4 27. Ne2 Bxe2 28.
Qxe2 g5 29. Qg4 Rg7 30. f6 Rg6 31. Raf1 Kf7 32. Bg3 b3 33. Rf5 Qxa4 34. Qh5 Nf8
35. Rxg5 Qxe4 36. Rff5 Qxd5 37. Rxg6 Nxg6 38. Qh7+ Ke6 39. Qxg6 Rf7 40. Kh2 Qd4
41. Rf3 Qxb2 42. Qg4+ Kd5 43. Rd3+ Kc6 44. Qe6 1-0

[Event "BL 1415 SG Turm Trier - SSC Rostock"]
[Site "?"]
[Date "2015.03.14"]
[Round "12.5"]
[White "Gruenberg, Hans-Ulrich"]
[Black "Parligras, Mircea-Emilian"]
[Result "1-0"]
[WhiteElo "2371"]
[BlackElo "2587"]
[PlyCount "75"]
[EventDate "2015.??.??"]

1. d4 Nf6 2. c4 c5 3. d5 e5 4. Nc3 d6 5. e4 Nbd7 6. g3 g6 7. Bg2 Bg7 8. Nge2
O-O 9. O-O a6 10. a4 Rb8 11. Bg5 h6 12. Bd2 b6 13. Nc1 Ne8 14. Nd3 f5 15. f4
exf4 16. Nxf4 Ne5 17. Ne6 Bxe6 18. dxe6 fxe4 19. Nd5 Nc7 20. Rxf8+ Bxf8 21.
Nxc7 Qxc7 22. Bxe4 Bg7 23. Bd5 Qe7 24. Qe2 Rf8 25. a5 bxa5 26. Bxa5 h5 27. Rf1
Ng4 28. Rxf8+ Kxf8 29. h3 Bd4+ 30. Kh1 Ne5 31. Bd2 Qf6 32. b3 Qf5 33. Kg2 Ke8
34. Bf4 Qb1 35. h4 Qg1+ 36. Kh3 Ng4 37. Bxd6 Ne5 38. Bxe5 1-0

[Event "BL 1415 SG Turm Trier - SSC Rostock"]
[Site "?"]
[Date "2015.03.14"]
[Round "12.6"]
[White "Gonda, Laszlo"]
[Black "Tomczak, Rafal"]
[Result "1-0"]
[WhiteElo "2556"]
[BlackElo "2367"]
[PlyCount "50"]
[EventDate "2015.??.??"]

1. d4 d5 2. c4 e6 3. Nc3 c6 4. e3 g6 5. Nf3 Bg7 6. Be2 Nf6 7. O-O O-O 8. Qc2
Na6 9. a3 Nc7 10. Rd1 Qe7 11. Bd2 Nd7 12. Na4 a5 13. cxd5 exd5 14. b4 Ne6 15.
bxa5 Re8 16. Rab1 Qd6 17. Bb4 Qc7 18. Rdc1 h6 19. h3 f5 20. Nb2 Bf6 21. Nd3 Kg7
22. a6 Ng5 23. axb7 Bxb7 24. Nf4 Qc8 25. Qb2 Ba6 1-0

[Event "BL 1415 SG Turm Trier - SSC Rostock"]
[Site "?"]
[Date "2015.03.14"]
[Round "12.7"]
[White "Skibbe, Willi"]
[Black "Jaracz, Pawel"]
[Result "0-1"]
[WhiteElo "2286"]
[BlackElo "2507"]
[PlyCount "56"]
[EventDate "2015.??.??"]

1. d4 Nf6 2. c4 e6 3. Nc3 Bb4 4. f3 d5 5. a3 Bxc3+ 6. bxc3 c6 7. e3 b6 8. cxd5
cxd5 9. Bb5+ Bd7 10. Bd3 Nc6 11. Ne2 e5 12. Ng3 O-O 13. O-O Re8 14. e4 h6 15.
Bc2 exd4 16. exd5 Nxd5 17. Qd3 Nf6 18. Bf4 Rc8 19. Rad1 Be6 20. Rfe1 dxc3 21.
Qb5 Nd4 22. Qa4 Rc4 23. Qxa7 Qc8 24. Bd3 c2 25. Rc1 Rc3 26. Ba6 Qc5 27. Kh1
Rxa3 28. Re5 Nc6 0-1

[Event "BL 1415 SG Turm Trier - SSC Rostock"]
[Site "?"]
[Date "2015.03.14"]
[Round "12.8"]
[White "Yankelevich, Lev"]
[Black "Weber, Max"]
[Result "1-0"]
[WhiteElo "2386"]
[BlackElo "2167"]
[PlyCount "71"]
[EventDate "2015.??.??"]

1. d4 Nf6 2. c4 g6 3. Nc3 d5 4. cxd5 Nxd5 5. e4 Nxc3 6. bxc3 Bg7 7. Bc4 c5 8.
Ne2 Nc6 9. Be3 O-O 10. O-O Bg4 11. f3 Bd7 12. Rb1 Qc7 13. Bd3 Rfd8 14. Qd2 Be8
15. Rfc1 b6 16. Ba6 Nb8 17. Bc4 Nc6 18. Qe1 cxd4 19. cxd4 Qd6 20. e5 Qd7 21.
Qh4 e6 22. Bb5 Qb7 23. Qe4 Rdc8 24. Ng3 a6 25. Bd3 b5 26. h4 h5 27. Nxh5 gxh5
28. Qh7+ Kf8 29. Bg5 Qa7 30. Kh1 Qxd4 31. f4 Nb4 32. Be4 Nd5 33. Rd1 Qf2 34.
Rf1 Qg3 35. Rf3 Qg4 36. Kh2 1-0

[Event "BL 1415 SV Mülheim Nord - SC Eppingen"]
[Site "?"]
[Date "2015.03.15"]
[Round "13.3"]
[White "Ruck, Robert"]
[Black "Landa, Konstantin"]
[Result "1/2-1/2"]
[WhiteElo "2566"]
[BlackElo "2648"]
[PlyCount "38"]
[EventDate "2015.??.??"]

1. Nf3 d5 2. d4 c5 3. c4 cxd4 4. cxd5 Nf6 5. Nxd4 Nxd5 6. e4 Nf6 7. Nc3 e5 8.
Bb5+ Bd7 9. Bxd7+ Qxd7 10. Nf5 Qxd1+ 11. Kxd1 g6 12. Ne3 Nc6 13. Ned5 O-O-O 14.
Bg5 Nxd5 15. Nxd5 Be7 16. Bd2 Bb4 17. Bg5 Be7 18. Bd2 Bb4 19. Bg5 Be7 1/2-1/2

[Event "BL 1415 SV Mülheim Nord - SC Eppingen"]
[Site "?"]
[Date "2015.03.15"]
[Round "13.4"]
[White "Fridman, Daniel"]
[Black "Breder, Dennis"]
[Result "1/2-1/2"]
[WhiteElo "2647"]
[BlackElo "2471"]
[PlyCount "120"]
[EventDate "2015.??.??"]

1. d4 d5 2. c4 e6 3. Nf3 c6 4. Nbd2 Nf6 5. g3 Be7 6. Bg2 O-O 7. O-O b6 8. Qc2
Bb7 9. e4 Na6 10. a3 c5 11. dxc5 dxe4 12. Ng5 Nxc5 13. Ndxe4 Nfxe4 14. Nxe4 Qd3
15. Qxd3 Nxd3 16. Rb1 Rac8 17. Nd6 Bxd6 18. Bxb7 Rxc4 19. Rd1 Nxc1 20. Rbxc1
Rxc1 21. Rxc1 Be5 22. b3 Bd6 23. b4 Be5 24. a4 Rb8 25. Ba6 Kf8 26. Kf1 Ke7 27.
Ke2 g5 28. Rc4 Rd8 29. h4 h6 30. hxg5 hxg5 31. Bb5 Kf6 32. Bc6 Bd4 33. Bf3 a5
34. bxa5 bxa5 35. Rc7 Rh8 36. Rd7 Bc5 37. Rc7 Bd6 38. Rd7 Bb4 39. Rc7 Rh2 40.
Rc6 Ke5 41. Kf1 Rh8 42. Rb6 Kd4 43. Rb5 f5 44. g4 Rf8 45. Kg2 Be1 46. Rb2 Bb4
47. Re2 Rf6 48. Bc6 Bc3 49. Kg3 Kc5 50. Bb5 Kd6 51. Rc2 Be5+ 52. Kf3 Bd4 53.
gxf5 Rxf5+ 54. Kg3 Rf4 55. f3 Be5 56. Kg2 g4 57. fxg4 Rxg4+ 58. Kf3 Rf4+ 59.
Ke3 Rh4 60. Rc4 Rxc4 1/2-1/2

[Event "BL 1415 SV Mülheim Nord - SC Eppingen"]
[Site "?"]
[Date "2015.03.15"]
[Round "13.5"]
[White "Mons, Leon"]
[Black "Berelowitsch, Alexander"]
[Result "1/2-1/2"]
[WhiteElo "2446"]
[BlackElo "2532"]
[PlyCount "45"]
[EventDate "2015.??.??"]

1. e4 e6 2. d4 d5 3. Nc3 Nf6 4. Bg5 dxe4 5. Nxe4 Nbd7 6. Nf3 h6 7. Nxf6+ Nxf6
8. Bxf6 Qxf6 9. Bb5+ c6 10. Bd3 a6 11. c3 c5 12. Ne5 Bd6 13. Nc4 Qe7 14. Nb6
Rb8 15. Qa4+ Bd7 16. Qxd7+ Qxd7 17. Nxd7 Kxd7 18. dxc5 Bxc5 19. Ke2 Rhd8 20.
Rhd1 Kc7 21. Bc2 a5 22. Rxd8 Rxd8 23. Rd1 1/2-1/2